00415nam a22001577a 4500003000400000008004100004082001600045100001700061245006800078260003200146300000900178502001500187650002900202650001700231650000900248OSt260425b |||||||| |||| 00| 0 eng d a63311bM30E aKumar, Manoj aEffect of Different Chemicals on Shelf-Life of Mango Cv. Langra aPusa, SamastipurbRAUc2006 a52P. bMsc.d2006 aFruit & Fruit Technology aHorticulture aMsc.